Normal view
MARC view
Entry Personal Name
001 - CONTROL NUMBER
- control field: 161829
003 - CONTROL NUMBER IDENTIFIER
- control field: OSt
005 - DATE AND TIME OF LATEST TRANSACTION
- control field: 20220923212006.0
008 - FIXED-LENGTH DATA ELEMENTS
- fixed length control field: 220923|| aca||aabn | a|a d
040 ## - CATALOGING SOURCE
- Original cataloging agency: OSt
- Transcribing agency: OSt
100 ## - HEADING--PERSONAL NAME
- Personal name: पाण्डेय, रामचन्द्र; पाण्डेय, राघवेन्द्र; मंजु
670 ## - SOURCE DATA FOUND
- Source citation: Work cat.: (OSt)305228: पाण्डेय, रामचन्द्र; पाण्डेय, राघवेन्द्र; मंजु, वादन्याय, 1988
